Miasta w województwie dolnośląskim - Statystyki

Ogólne statystyki
  • Ten quiz został rozwiązany 207 razy
    31 od ostatniego zresetowania
  • Średni wynik to 66 z 93
Statystyki odpowiedzi
Miasto Liczba mieszkańców % Poprawnych
Bolesławiec 36 663
93%
Jawor 20 134
93%
Jelenia Góra 73 849
93%
Kąty Wrocławskie 7083
93%
Kłodzko 24 363
93%
Legnica 90 343
93%
Oława 33 029
93%
Oleśnica 34 799
93%
Wałbrzych 98 150
93%
Wrocław 672 545
93%
Bardo 2256
87%
Głogów 60 893
87%
Karpacz 4113
87%
Lądek-Zdrój 4827
87%
Strzegom 14 706
87%
Świdnica 51 701
87%
Złotoryja 13 863
87%
Bystrzyca Kłodzka 8724
80%
Jaworzyna Śląska 5001
80%
Jelcz-Laskowice 14 817
80%
Kudowa-Zdrój 9104
80%
Lubin 66 422
80%
Milicz 10 557
80%
Polanica-Zdrój 5755
80%
Strzelin 11 799
80%
Szklarska Poręba 5546
80%
Wołów 11 895
80%
Ząbkowice Śląskie 13 924
80%
Zgorzelec 28 223
80%
Ziębice 7795
80%
Żmigród 6181
80%
Bielawa 27 554
73%
Boguszów-Gorce 14 008
73%
Bolków 4568
73%
Brzeg Dolny 12 293
73%
Duszniki-Zdrój 3859
73%
Jedlina-Zdrój 4551
73%
Kamienna Góra 16 742
73%
Lwówek Śląski 7938
73%
Międzylesie 2334
73%
Niemcza 2634
73%
Nowa Ruda 19 923
73%
Polkowice 20 968
73%
Ścinawa 5204
73%
Sobótka 7112
73%
Środa Śląska 9496
73%
Trzebnica 13 579
73%
Złoty Stok 2370
73%
Bierutów 4399
67%
Bogatynia 15 746
67%
Chocianów 7227
67%
Chojnów 12 141
67%
Dzierżoniów 30 169
67%
Góra 10 523
67%
Gryfów Śląski 6020
67%
Kowary 9439
67%
Lubawka 5427
67%
Mirsk 3524
67%
Pieńsk 5373
67%
Przemków 5465
67%
Świeradów-Zdrój 3874
67%
Syców 9859
67%
Twardogóra 6094
67%
Żarów 6304
67%
Głuszyca 5789
60%
Lubań 19 135
60%
Lubomierz 1760
60%
Miękinia 2225
60%
Oborniki Śląskie 8872
60%
Piechowice 5636
60%
Pieszyce 6725
60%
Prochowice 3448
60%
Szczawno-Zdrój 5121
60%
Szczytna 4734
60%
Węgliniec 2618
60%
Wiązów 2227
60%
Wleń 1548
60%
Kamieniec Ząbkowicki 4273
53%
Leśna 3898
53%
Mieroszów 3648
53%
Nowogrodziec 4047
53%
Piława Górna 5817
53%
Prusice 2102
53%
Radków 2188
53%
Siechnice 11 537
53%
Stronie Śląskie 4843
53%
Świebodzice 21 534
53%
Świerzawa 1955
53%
Wąsosz 2506
53%
Zawidów 3715
53%
Międzybórz 2286
47%
Olszyna 4267
47%
Wojcieszów 3361
47%
Nie znaleziono quizów pasujących do podanych kryteriów
Rozkład punktacji
Procent ludzi z każdym wynikiem
Percentyl według liczby udzielonych odpowiedzi
Twoja historia wyników
Nie rozwiązałeś tego quizu od ostatniego zresetowania